000
00286nam a22001337a 4500
008
181106b xxu||||| |||| 00| 0 eng d
020
_a
01586577108
041
_a
eng
080
_a
541
100
_a
12
101
_a
KIM
245
_a
Quantum Chemistru
_c
Donald.A.M
942
_2
udc
_c
BK
999
_c
51940
_d
51940